[Event "Grand Prix Jerusalem 2019"]
[Site "Jerusalem"]
[Date "2019.12.21"]
[Round "4.1"]
[White "Wei, Yi"]
[Black "Nepomniachtchi, Ian"]
[Result "0-1"]
[WhiteElo "2725"]
[BlackElo "2767"]
[Annotator "TA"]
[PlyCount "192"]
[EventDate "2019.12.11"]
[EventType "k.o."]
[EventCountry "ISR"]
[SourceTitle "playchess.com"]
[Source "ChessBase"]
[SourceQuality "1"]

{[%evp 16,192,1,-2,0,-12,0,0,-9,4,45,25,47,20,41,37,43,11,14,0,7,0,0,0,0,0,0,0,0,6,0,0,0,0,0,0,0,0,0,0,0,0,0,0,0,0,0,0,0,0,-69,-75,-64,-172,-179,-140,-174,-156,-163,-163,-183,-161,-143,-131,-62,-58,-50,-101,0,0,0,0,0,-26,-20,-20,-20,-20,-20,-20,-20,-20,-20,-24,-23,-29,-20,-29,-35,-243,-233,-148,-79,-79,-79,-79,0,-79,-79,-197,-190,-190,-160,-143,-39,-39,-20,-20,-20,-20,0,-20,0,0,0,-20,-20,-20,-20,-118,-99,-107,-20,-20,-20,-20,-20,-20,-20,-22,-20,-20,-20,-20,-20,-20,-20,-20,-20,-79,-20,-20,-7,-20,-20,-20,-20,-20,-20,-20,0,-22,-20,-79,-79,-79,-79,-79,-79,-404,-386,-1499,-1445,-1353,-1231,-1233,-1112,-2141,-1241,-2271,-2091,-29947,-29949,-29954,-4133,-29975,-29974,-29962,-5512]} 1. Nf3 Nf6 2. c4 c5 3. Nc3 Nc6 4. d4 cxd4 5. Nxd4 e6 6. g3 Qb6 7. Ndb5 Ne5 8. Bg2 a6 9. Qa4 {Threatens to win with Be3.} Rb8 {A33: Symmetrical English: 2 Nf3 Nf6 3 d4 cxd4 4 Nxd4 e6 5 Nc3 Nc6} 10. Na3 (10. Be3 Bc5 11. Bxc5 Qxc5 12. Qa3 b6 13. Nd6+ Ke7 14. Qxc5 bxc5 15. Nxc8+ Rhxc8 16. b3 d5 17. cxd5 {1-0 (47) Ivanchuk,V (2708)-Saric,I (2685) Mali Losinj 2018}) 10... Bc5 11. O-O O-O {The position is equal.} 12. Rb1 Qb4 $146 ({Predecessor:} 12... Be7 13. Bf4 d6 14. b4 Bd7 15. Qb3 Qc7 16. c5 b5 17. Bxe5 dxe5 {1-0 (60) Yermolinsky,A (2528)-Kudrin,S (2571) Saint Louis 2010}) 13. Qd1 d6 ({Don't blunder} 13... Nxc4 $2 14. Nc2 $18) 14. Na4 b5 15. Nxc5 Qxc5 16. cxb5 axb5 17. Bg5 Ba6 18. Nc2 b4 19. Nd4 Bb7 20. Rc1 Qa5 21. Bxb7 Rxb7 22. Bxf6 gxf6 23. Qb3 Ra8 24. f4 Qa7 25. e3 Nd7 26. Qd1 Qxa2 27. Qg4+ Kh8 28. Qh5 Kg8 29. Qg4+ Kh8 30. Qh5 Kg8 31. Nb5 {[#]} (31. Qg4+ $11 Kh8) 31... Rxb5 $1 $15 {[%mdl 512]} 32. Qxb5 {[%mdl 64] Double Attack} Qxb2 33. Rb1 ({Wrong is} 33. Qxd7 $2 Ra2 $19) 33... Qc2 $1 34. Rfc1 ({But not} 34. Qxd7 $2 Ra2 $19) (34. Ra1 $1 $15 Rxa1 35. Rxa1) 34... Qd2 $1 $19 35. Qxb4 Qxe3+ 36. Kh1 Ra2 $1 37. Rc8+ Kg7 {( -> ...Qf3+)} 38. Rb2 Qf3+ 39. Kg1 Qd1+ (39... Ra3 $1 $17 {[%cal Ra3d3]} 40. Rb1 Qe3+ 41. Kh1 Ra2) 40. Kg2 $1 $15 Ra1 {[%csl Ga1][%cal Rd1f1]} 41. Qb5 (41. Kh3 $15) 41... f5 (41... h5 $1 $17) 42. Qe2 $11 Qd5+ 43. Kh3 Nf6 44. Rbb8 {Black must now prevent Qb2!} Ra2 45. Rc2 Rxc2 46. Qxc2 {[%mdl 4096] Endgame KQR-KQN} Qf3 $36 {[%mdl 2048] ...Nd5 is the strong threat. Black fights for an advantage.} 47. Rb3 Qf1+ 48. Qg2 $1 {[%cal Rg2f1]} Qe1 49. Qb2 Kg6 50. Kg2 d5 51. Rb8 Qe4+ 52. Kh3 $2 (52. Kg1 $15) 52... Qf3 $19 {aiming for ...Ne4.} 53. Rb3 Qf1+ ({Black should play} 53... Qd1 $1 54. Ra3 d4) 54. Qg2 $17 Qe1 55. Qc2 Qf1+ 56. Qg2 $1 {[%cal Rg2f1]} Qc4 57. Rb8 (57. Qf3 $17 {is a better defense.}) 57... h6 $1 $19 58. Kh4 Qd3 59. Rb2 {[#]} Ng4 (59... d4 $1 $17 60. Rd2 Qc4) 60. Qe2 $15 Qd4 61. Kh3 Qg1 62. Qg2 $1 {[%cal Rg2g1]} Qd4 63. Qe2 Qc5 64. Qc2 Qg1 65. Qg2 $1 {[%cal Rg2g1]} Qe3 66. Qe2 Qd4 67. Qc2 (67. Qd2 $11 Qe4 68. Qc3) 67... Ne3 $17 68. Qb3 Nd1 ({Black should try} 68... Qe4 $17 {Strongly threatening ...Qf3!} 69. Qb8 Kg7 70. Qe5+ Qxe5 71. fxe5 Nc4) 69. Re2 $11 Nf2+ 70. Kg2 Ng4 71. Qb8 Nf6 72. Qb2 Qc5 73. Rc2 Qe3 74. Re2 Qa7 75. Qa2 Qc5 76. Qc2 Qd6 77. Qb2 (77. Rd2 $11) 77... Ne4 (77... d4 $17 78. Rd2 Qd5+ 79. Kg1 d3) 78. Qd4 Qa6 79. Rc2 Nf6 80. Rd2 Qa5 81. Re2 Qa3 82. Qb2 Qa7 83. Qa2 Qd7 84. Qb2 (84. Rd2 $11 {keeps the balance.}) 84... d4 $17 85. Rd2 Qd5+ 86. Kg1 d3 87. Qe5 $2 {[%mdl 8192]} (87. Qa3 $17 {was the crucial defense.}) 87... Qe4 $19 88. Qxe4 $2 (88. h3 Nd5 89. Kf2) 88... fxe4 {KR-KN} 89. Kf2 Nd5 90. Ke1 Kf5 91. Rd1 e5 92. Kd2 exf4 93. gxf4 Nxf4 94. Ra1 Ke5 95. Ra6 h5 96. Ra8 f5 {Accuracy: White = 46%, Black = 58%.} (96... Nd5 $142 97. Ra4 f5 98. h3 f4 99. Ra3 f3 100. Ra1 Kf4 101. Rf1 e3+ 102. Kxd3 Nb4+ 103. Kc3 e2 104. Rb1 Ke3 105. Kc4 f2 106. Rb3+ Ke4 107. Rxb4 e1=Q 108. Kb3+ Ke3 109. Rb5 Qb1+ 110. Ka4 Qa2+ 111. Kb4 f1=Q 112. Re5+ {[#]} Kd4 $1 {[%mdl 512]} 113. Re4+ Kxe4 114. Kc5 Qfa6 115. h4 Q2c4#) 0-1

[Event "Grand Prix Jerusalem 2019"]
[Site "Jerusalem"]
[Date "2019.12.22"]
[Round "4.2"]
[White "Nepomniachtchi, Ian"]
[Black "Wei, Yi"]
[Result "1/2-1/2"]
[WhiteElo "2767"]
[BlackElo "2725"]
[Annotator "TA"]
[PlyCount "52"]
[EventDate "2019.12.11"]
[EventType "k.o."]
[EventCountry "ISR"]
[SourceTitle "playchess.com"]
[Source "ChessBase"]
[SourceQuality "1"]

{[%evp 9,52,37,54,40,57,49,50,57,54,54,50,51,57,53,53,34,65,64,97,51,59,59,59,34,81,56,106,91,175,150,206,171,182,186,188,177,187,0,0,0,0,0,0,0,0]} 1. e4 g6 2. d4 Bg7 3. Nc3 d6 4. Nf3 a6 5. Be2 e6 (5... b5 6. O-O Nd7 7. Re1 Bb7 8. Bd3 e5 9. d5 Ne7 10. a4 b4 11. Na2 a5 12. c3 bxc3 13. Nxc3 O-O 14. Be3 {0-1 (41) Guseinov,G (2645)-Carlsen,M (2832) chess.com INT 2017}) 6. O-O {B06: Modern Defence} Ne7 7. Re1 Nd7 8. a4 {White is slightly better.} b6 9. Be3 Bb7 10. Qd2 h6 11. h3 g5 12. d5 e5 13. Nh2 Ng6 14. Bg4 $146 ({Predecessor:} 14. a5) 14... Nf6 15. Nf1 Nf4 16. Bf5 h5 17. g3 $36 {[%mdl 2048] Black is under pressure.} Bh6 18. f3 Rg8 (18... Nh7 $16 {was necessary.} 19. a5 (19. gxf4 gxf4 20. Qg2 Nf6 $11) 19... b5) 19. Kh1 $18 {And now h4 would win.} Bc8 (19... Ng6 $16) 20. gxf4 gxf4 21. Bf2 Nxe4 22. fxe4 ({But not} 22. Bxe4 $6 Bxh3 23. Bg1 (23. Kh2 $2 Bxf1 24. Rxf1 Rg3 $19) 23... Qg5 $14) 22... Qg5 {[%csl Gg8][%cal Rg5g2] [#]} 23. Ne3 $2 ({White has to play} 23. Bxb6 $1 $18 Bxf5 24. exf5 cxb6 25. Nh2 Qxf5 26. Ne4) 23... fxe3 $11 {The position is equal.} 24. Bxe3 Qg3 25. Bxh6 (25. Rg1 $2 Qf3+ 26. Kh2 Rxg1 $17) 25... Qf3+ {[%mdl 64] Double Attack} 26. Kh2 Qg3+ {Accuracy: White = 78%, Black = 56%.} 1/2-1/2